000 00432nam a2200181Ia 4500
001 13859
005 20260306164832.0
008 260306t1997||||xx |||||||||||||| ||spa||
041 _aESP
082 _a005.369W
_bB74
100 _aBorland, Russell
_eAUT
245 0 _aGuía completa de microsoft word 97
260 _c1997
300 _a963 páginas :
_c22 cm.
650 _aGEN
654 _aCCC
942 _cLIB
_dJUS
_fJUS
_2ddc
_n
999 _c13859
_d13859